Stone Temple Pilots - Core Songs - Statistics

General Stats
  • This quiz has been taken 29 times
  • The average score is 8 of 12
Answer Stats
Length Song % Correct
5:34 Creep
87%
5:13 Plush
83%
4:05 Wicked Garden
78%
5:10 Dead & Bloated
74%
3:14 Crackerman
70%
3:37 Sex Type Thing
65%
6:04 Sin
65%
5:24 Piece of Pie
57%
8:30 Where the River Goes
57%
3:49 Naked Sunday
48%
1:36 Wet My Bed
43%
1:20 No Memory
35%
No matching quizzes found
Score Distribution
Percent of People with Each Score
Percentile by Number Answered
Your Score History
You have not taken this quiz